Jak malovat pastel

Saved in:
Bibliographic Details
Main Author González Olmedo, Salvador, 1945- (Author)
Other Authors Řapková, Markéta (Translator)
Format Book
LanguageCzech
Published Praha : Jan Vašut, 1998
EditionČeské vyd. 2.
SeriesJak na to
Subjects
ISBN8072360450
Physical Description127 s. : barev. il. ; 27 cm

Cover

LEADER 00000cam a22000007a 4500
001 23520
003 CZ-ZlUTB
005 20190825234516.0
008 060214s1998 xr |||||r|||||||||||cze|d
020 |a 8072360450  |q (váz.) 
040 |a ABA001  |b cze  |c ABA001  |d ZLD002 
041 1 |a cze 
072 7 |a 75  |x Malířství  |2 Konspekt  |9 21 
080 |a 7.02  |2 v 
080 |a 741/743  |2 v 
080 |a 75  |2 v 
100 1 |a González Olmedo, Salvador,  |d 1945-  |7 xx0005889  |4 aut 
245 1 0 |a Jak malovat pastel /  |c S.G. Olmedo ; [ze španělského vydání přeložila Markéta Hadačová] 
250 |a České vyd. 2. 
260 |a Praha :  |b Jan Vašut,  |c 1998 
300 |a 127 s. :  |b barev. il. ;  |c 27 cm 
490 1 |a Jak na to 
650 0 7 |a malíři  |7 ph122596  |2 czenas 
650 0 7 |a malířské techniky  |7 ph115215  |2 czenas 
650 0 7 |a pastel  |7 ph115686  |2 czenas 
650 0 4 |a život a dílo 
655 7 |a obrazové publikace  |7 fd132947  |2 czenas 
655 7 |a příručky  |7 fd133209  |2 czenas 
700 1 |a Řapková, Markéta  |7 jx20041103031  |4 trl 
765 0 |t Cómo pintar al pastel 
830 0 |a Jak na to 
910 |a ZLD002 
952 |0 0  |1 0  |4 0  |6 75GONZÁLES_OLMEDO_S  |7 0  |8 BOOK  |9 43360  |a UTBZL  |b UTBZL  |c 030  |d 2006-07-29  |l 0  |o 75/GONZÁLES OLMEDO, S.  |p 420010097892  |r 2019-08-25 00:00:00  |v 224.00  |w 2019-08-25  |x N:nákup | 20100831  |y 05 
952 |0 0  |1 0  |4 0  |6 75GONZÁLES_OLMEDO_S  |7 0  |8 BOOK  |9 43361  |a UTBZL  |b UTBZL  |c 006  |d 2006-07-29  |l 11  |m 1  |o 75/GONZÁLES OLMEDO, S.  |p 420010097893  |r 2023-11-04 00:00:00  |s 2023-09-19  |v 224.00  |w 2019-08-25  |x N:nákup  |y 04 
992 |a BK  |d 10 
999 |c 23520  |d 23520